Loading...
Literature - American Lit | 2 | 2 | 0 | 1 | 50 | 73 | 88.75 | 3 | 4 |
Science - Chemistry | 1 | 3 | 1 | 0 | 40 | 63 | 97.50 | 2 | 4 |
Arts - Music | 1 | 2 | 0 | 0 | 35 | 55 | 91.33 | 0 | 3 |
Literature - World Lit | 1 | 2 | 0 | 0 | 35 | 58 | 80.00 | 2 | 3 |
Thought - Social Science | 1 | 2 | 0 | 0 | 35 | 65 | 101.33 | 0 | 3 |
Literature - Euro Lit | 0 | 3 | 0 | 0 | 30 | 60 | 67.33 | 0 | 3 |
History - Euro History | 0 | 3 | 0 | 1 | 30 | 98 | 107.33 | 1 | 3 |
Science - Biology | 0 | 3 | 1 | 1 | 25 | 83 | 101.33 | 1 | 3 |
History - World History | 1 | 1 | 0 | 0 | 25 | 19 | 41.00 | 1 | 2 |
Science - Other Science | 1 | 2 | 2 | 3 | 25 | 43 | 101.33 | 1 | 2 |
Thought - Philosophy | 0 | 2 | 0 | 0 | 20 | 90 | 91.00 | 1 | 2 |
History - American History | 1 | 1 | 1 | 0 | 20 | 62 | 79.00 | 0 | 2 |
Literature - British Lit | 0 | 2 | 1 | 0 | 15 | 100 | 121.00 | 1 | 1 |
Science - Physics | 0 | 2 | 2 | 0 | 10 | 68 | 76.00 | 1 | 2 |
History - Other History | 1 | 0 | 1 | 0 | 10 | 36 | 36.00 | 1 | 1 |
Arts - Painting | 0 | 1 | 0 | 1 | 10 | 135 | 135.00 | 0 | 1 |
Science - Engineering | 0 | 1 | 0 | 0 | 10 | 115 | 115.00 | 0 | 0 |
Other - Geo/CE | 0 | 1 | 1 | 1 | 5 | 124 | 124.00 | 0 | 0 |
Other - Other Academic | 0 | 1 | 1 | 1 | 5 | 122 | 122.00 | 0 | 1 |
Beliefs - Mythology | 0 | 0 | 1 | 0 | -5 | 0.00 | 0 | 0 | |
Arts - Other Arts | 0 | 0 | 2 | 0 | -10 | 0.00 | 0 | 0 | |
Beliefs - Religion | 0 | 0 | 2 | 0 | -10 | 0.00 | 0 | 0 |